01016cam a22002894a 450000100090000000300040000900500170001300800410003001000170007102000180008802000150010604000180012104200080013905000230014708200150017024501140018525000120029926000350031130000450034650400510039165000210044265000140046370000430047770000230052085600910054385600920063414346280OSt20241121111339.0060419s2007 maua b 001 0 eng  a 2006274442 a9780073112503 a007311250X aDLCcDLCdDLC apcc00aHQ1180b.W689 200700a305.4222200aWomen's Voices Feminist Visions :bclassic and contemporary readings /c[edited by] Susan M. Shaw, Janet Lee. a3rd ed. aBoston :bMcGraw-Hill,cc2007. a1 v. (various pagings) :bill. ;c24 cm. aIncludes bibliographical references and index. 0aWomen's studies. 0aFeminism.1 aShaw, Susan M.q(Susan Maxine),d1960-1 aLee, Janet,d1954-423Publisher descriptionuhttp://www.loc.gov/catdir/enhancements/fy0642/2006274442-d.html413Table of contents onlyuhttp://www.loc.gov/catdir/enhancements/fy0642/2006274442-t.html